| 000 | 00509nam a22001697a 4500 | ||
|---|---|---|---|
| 003 | NUST - PNEC | ||
| 005 | 20170116180929.0 | ||
| 008 | 150904b xxu||||| |||| 00| 0 eng d | ||
| 020 | _a- | ||
| 040 | _cLIBRARY | ||
| 082 | _a621.31 SON | ||
| 100 |
_97763 _aSoni, M. L. |
||
| 245 |
_a A course in electrical power : covering generation, transmission, distribution, utilization, traction, switchgear and protection, _cM. L. Soni |
||
| 260 | _cc.1976 | ||
| 650 |
_97761 _aElectric power _xEE |
||
| 942 |
_2ddc _cBK |
||
| 999 |
_c65852 _d65852 |
||